[Event "Salon de Provence op 12th"]
[Site "Salon de Provence"]
[Date "2022.07.14"]
[Round "8"]
[White "Guillaume, Jean Tristan"]
[Black "Piquemal, Maxence"]
[Result "1-0"]
[WhiteElo "1575"]
[BlackElo "1668"]
[PlyCount "63"]
[EventDate "2022.07.09"]
[EventType "swiss"]
[EventRounds "9"]
[EventCountry "FRA"]
[SourceTitle "CBM 209 Extra"]
[Source "ChessBase"]
[SourceDate "2022.09.30"]
[SourceVersion "1"]
[SourceVersionDate "2022.09.30"]
[SourceQuality "1"]

1. e4 d5 2. exd5 Qxd5 3. Nc3 Qa5 4. d4 c6 5. Nf3 Bg4 6. h3 Bh5 7. g4 Bg6 8. Ne5 e6 9. Bg2 Nf6 10. 0-0 Nbd7 11. Nxg6 hxg6 12. Bf4 Nb6 13. Ne2 g5 14. Bd2 Qb5 15. a4 Qa6 16. b3 Bd6 17. c4 Nbd7 18. Nc3 Bb4 19. Re1 Qa5 20. Re3 Qc7 21. d5 e5 22. dxc6 bxc6 23. Nb5 cxb5 24. Bxa8 Bc5 25. Rg3 e4 26. Kg2 Bd6 27. Re3 Bf4 28. axb5 Bxe3 29. Bxe3 Ne5 30. Rxa7 Qb8 31. Bc5 Nd3 32. Bc6+ 1-0